[Event "EYCC 2024 - O14"]
[Site "?"]
[Date "2024.08.28"]
[Round "6.1"]
[White "Finek, Vaclav"]
[Black "Delgerdalai, Bayarjavkhlan"]
[Result "1-0"]
[BlackElo "2278"]
[WhiteElo "2467"]
[LiveChessVersion "1.4.8"]

1. d4 {[%clk 1:30:57]} d5 {[%clk 1:30:49]} 2. c4 {[%clk 1:31:22]} e6
{[%clk 1:31:14]} 3. Nf3 {[%clk 1:31:40]} Nf6 {[%clk 1:31:34]} 4. g3
{[%clk 1:32:04]} Bd6 {[%clk 1:31:24]} 5. Bg2 {[%clk 1:32:25]} O-O
{[%clk 1:31:11]} 6. O-O {[%clk 1:31:34]} Nc6 {[%clk 1:31:37]} 7. cxd5
{[%clk 1:26:58]} exd5 {[%clk 1:32:02]} 8. Nc3 {[%clk 1:27:11]} h6
{[%clk 1:19:36]} 9. Nb5 {[%clk 1:19:56]} Bf5 {[%clk 1:17:20]} 10. h3
{[%clk 1:09:24]} Re8 {[%clk 1:05:54]} 11. Nxd6 {[%clk 1:03:31]} cxd6
{[%clk 0:59:30]} 12. g4 {[%clk 0:59:56]} Bh7 {[%clk 0:48:23]} 13. g5
{[%clk 0:55:24]} hxg5 {[%clk 0:46:18]} 14. Bxg5 {[%clk 0:55:43]} Qe7
{[%clk 0:43:44]} 15. e3 {[%clk 0:47:27]} Be4 {[%clk 0:36:38]} 16. Nd2
{[%clk 0:41:09]} Bxg2 {[%clk 0:32:52]} 17. Kxg2 {[%clk 0:41:33]} Qe6
{[%clk 0:33:11]} 18. Bxf6 {[%clk 0:34:55]} Qxf6 {[%clk 0:33:24]} 19. Qg4
{[%clk 0:29:08]} Re6 {[%clk 0:29:33]} 20. Kh2 {[%clk 0:25:37]} g6
{[%clk 0:13:49]} 21. Rac1 {[%clk 0:24:50]} Kg7 {[%clk 0:13:36]} 22. Qf3
{[%clk 0:23:40]} Qxf3 {[%clk 0:07:14]} 23. Nxf3 {[%clk 0:24:05]} Re7
{[%clk 0:06:11]} 24. Rg1 {[%clk 0:21:31]} Rc8 {[%clk 0:02:30]} 25. Rc3
{[%clk 0:16:32]} Rec7 {[%clk 0:01:51]} 26. Rgc1 {[%clk 0:16:18]} Kf6
{[%clk 0:01:39]} 27. h4 {[%clk 0:13:22]} Ke7 {[%clk 0:01:38]} 28. Ng5
{[%clk 0:11:37]} f6 {[%clk 0:01:15]} 29. Nh3 {[%clk 0:12:01]} Kd7
{[%clk 0:01:02]} 30. Nf4 {[%clk 0:11:53]} Ne7 {[%clk 0:01:10]} 31. Rxc7+
{[%clk 0:11:22]} Rxc7 {[%clk 0:01:39]} 32. Rxc7+ {[%clk 0:07:56]} Kxc7
{[%clk 0:02:08]} 33. Kg3 {[%clk 0:06:23]} Kd7 {[%clk 0:02:25]} 34. Kg4
{[%clk 0:06:15]} Ke8 {[%clk 0:02:22]} 35. h5 {[%clk 0:05:36]} gxh5+
{[%clk 0:02:14]} 36. Kxh5 {[%clk 0:05:29]} Kf7 {[%clk 0:02:26]} 37. a4
{[%clk 0:03:15]} a5 {[%clk 0:01:46]} 38. Kh6 {[%clk 0:03:24]} Nf5+
{[%clk 0:01:39]} 39. Kh7 {[%clk 0:02:49]} Ne7 {[%clk 0:01:24]} 40. b3
{[%clk 0:02:01]} b6 {[%clk 0:01:50]} 41. f3 {[%clk 0:01:30]} Nf5 {[%clk 0:01:20]}
42. Nxd5 {[%clk 0:01:55]} Ke6 {[%clk 0:01:42]} 43. Nxb6 {[%clk 0:00:54]} Nxe3
{[%clk 0:01:20]} 44. Kg6 {[%clk 0:00:51]} d5 {[%clk 0:00:59]} 45. Na8
{[%clk 0:00:49]} Nc2 {[%clk 0:00:42]} 46. Nc7+ {[%clk 0:01:11]} Kd6
{[%clk 0:00:38]} 47. Nb5+ {[%clk 0:01:15]} Ke7 {[%clk 0:00:48]} 48. f4
{[%clk 0:01:19]} Nb4 {[%clk 0:00:33]} 49. Nc3 {[%clk 0:01:36]} Nd3
{[%clk 0:00:37]} 50. Nxd5+ {[%clk 0:00:36]} Kd6 {[%clk 0:01:02]} 51. Nxf6
{[%clk 0:00:45]} Nxf4+ {[%clk 0:01:28]} 52. Kf5 {[%clk 0:01:10]} Ne2
{[%clk 0:01:43]} 53. Ke4 {[%clk 0:01:36]} Nc1 {[%clk 0:01:54]} 54. Ng4
{[%clk 0:01:33]} Nxb3 {[%clk 0:02:12]} 55. Kd3 {[%clk 0:01:59]} Nc1+
{[%clk 0:01:46]} 56. Kc4 {[%clk 0:02:11]} Na2 {[%clk 0:01:40]} 57. Nf6
{[%clk 0:02:19]} Nb4 {[%clk 0:00:53]} 58. Ne4+ {[%clk 0:02:35]} Kc6
{[%clk 0:00:49]} 59. Nc3 {[%clk 0:02:33]} Na6 {[%clk 0:00:36]} 60. d5+
{[%clk 0:02:38]} Kb6 {[%clk 0:00:38]} 61. Ne4 {[%clk 0:02:45]} Nb4
{[%clk 0:00:33]} 62. Kd4 {[%clk 0:02:23]} Na6 {[%clk 0:00:34]} 63. Nd2
{[%clk 0:01:41]} Nb8 {[%clk 0:00:35]} 64. Nc4+ {[%clk 0:02:06]} Kc7
{[%clk 0:00:48]} 65. Nxa5 {[%clk 0:02:19]} Nd7 {[%clk 0:00:59]} 66. Nc4
{[%clk 0:02:30]} Kb7 {[%clk 0:00:55]} 67. Ne5 {[%clk 0:01:18]} Nf6
{[%clk 0:00:42]} 68. Kc4 {[%clk 0:00:40]} Ne4 {[%clk 0:00:55]} 69. Nc6
{[%clk 0:00:43]} Kb6 {[%clk 0:00:31]} 70. a5+ {[%clk 0:01:03]} Kb7
{[%clk 0:00:50]} 71. Nb4 {[%clk 0:00:56]} Kc7 {[%clk 0:00:44]} 72. Nc2
{[%clk 0:00:34]} Nd6+ {[%clk 0:00:45]} 73. Kb4 {[%clk 0:00:45]} Ne4
{[%clk 0:00:55]} 74. Ne3 {[%clk 0:00:53]} Kb7 {[%clk 0:00:59]} 75. Nc4
{[%clk 0:01:02]} Nf6 {[%clk 0:00:54]} 76. Kc5 {[%clk 0:01:06]} Nd7+
{[%clk 0:00:34]} 77. Kd6 {[%clk 0:00:54]} Nb8 {[%clk 0:00:53]} 78. Ke7
{[%clk 0:00:40]} Ka6 {[%clk 0:01:12]} 79. d6 {[%clk 0:00:38]} Kb5
{[%clk 0:01:17]} 80. d7 {[%clk 0:00:45]} Kxc4 {[%clk 0:01:34]} 81. a6
{[%clk 0:00:50]} Kc5 {[%clk 0:01:32]} 82. a7 {[%clk 0:01:04]} Nc6+
{[%clk 0:01:57]} 83. Ke8 {[%clk 0:01:28]} 1-0

[Event "EYCC 2024 - O14"]
[Site "?"]
[Date "2024.08.28"]
[Round "6.2"]
[White "Korchynskyi, Mykola"]
[Black "Haug, Havard"]
[Result "0-1"]
[BlackElo "2315"]
[WhiteElo "2312"]
[LiveChessVersion "1.4.8"]

1. d4 {[%clk 1:30:54]} d5 {[%clk 1:30:47]} 2. c4 {[%clk 1:31:11]} e6
{[%clk 1:31:10]} 3. Nf3 {[%clk 1:31:28]} Nf6 {[%clk 1:31:35]} 4. Nc3
{[%clk 1:31:51]} dxc4 {[%clk 1:31:44]} 5. Qa4+ {[%clk 1:32:13]} Nbd7
{[%clk 1:31:39]} 6. e4 {[%clk 1:32:20]} a6 {[%clk 1:30:37]} 7. Bxc4
{[%clk 1:31:31]} Rb8 {[%clk 1:29:02]} 8. Bd3 {[%clk 1:31:34]} b5 {[%clk 1:28:05]}
9. Qc2 {[%clk 1:31:20]} Bb7 {[%clk 1:23:28]} 10. Bf4 {[%clk 1:30:50]} Rc8
{[%clk 1:10:12]} 11. d5 {[%clk 1:23:02]} exd5 {[%clk 1:06:46]} 12. O-O-O
{[%clk 1:20:47]} Be7 {[%clk 0:48:41]} 13. Rhe1 {[%clk 1:12:09]} O-O
{[%clk 0:43:37]} 14. e5 {[%clk 1:10:32]} Ne4 {[%clk 0:34:09]} 15. Nxe4
{[%clk 1:00:13]} dxe4 {[%clk 0:34:05]} 16. Bxe4 {[%clk 1:00:39]} Bxe4 17. Rxe4
{[%clk 0:59:11]} Qe8 {[%clk 0:32:45]} 18. Bg5 {[%clk 0:36:18]} Nc5
{[%clk 0:29:17]} 19. Rh4 {[%clk 0:36:23]} h6 {[%clk 0:29:16]} 20. Rh3
{[%clk 0:23:08]} Rd8 {[%clk 0:25:36]} 21. Be3 {[%clk 0:14:19]} Rxd1+
{[%clk 0:23:53]} 22. Kxd1 {[%clk 0:14:43]} Qd7+ {[%clk 0:23:46]} 23. Ke2
{[%clk 0:14:48]} Rd8 {[%clk 0:22:01]} 24. Rg3 {[%clk 0:12:49]} Ne4
{[%clk 0:21:27]} 25. Rh3 {[%clk 0:11:49]} c5 {[%clk 0:20:07]} 26. Ne1
{[%clk 0:10:41]} Qd5 {[%clk 0:19:19]} 27. f4 {[%clk 0:04:11]} c4 {[%clk 0:18:34]}
28. Bb6 {[%clk 0:03:57]} Rd7 {[%clk 0:17:27]} 29. Re3 {[%clk 0:04:10]} Nc5
{[%clk 0:17:24]} 30. Bxc5 {[%clk 0:03:54]} Bxc5 {[%clk 0:17:51]} 31. Re4
{[%clk 0:03:37]} Bb6 {[%clk 0:17:36]} 32. Kf3 {[%clk 0:02:14]} Ba5
{[%clk 0:16:36]} 33. Qe2 {[%clk 0:00:55]} Qe6 {[%clk 0:16:15]} 34. Kg3
{[%clk 0:00:37]} Qg6+ {[%clk 0:15:58]} 35. Kh3 {[%clk 0:00:57]} h5
{[%clk 0:15:24]} 0-1

[Event "EYCC 2024 - O14"]
[Site "?"]
[Date "2024.08.28"]
[Round "6.3"]
[White "Sowinski, Pawel"]
[Black "Zakin, Ilay"]
[Result "1/2-1/2"]
[BlackElo "2235"]
[WhiteElo "2463"]
[LiveChessVersion "1.4.8"]

1. d4 {[%clk 1:30:59]} Nf6 {[%clk 1:30:55]} 2. c4 {[%clk 1:31:25]} g6
{[%clk 1:31:19]} 3. Nc3 {[%clk 1:31:53]} Bg7 {[%clk 1:31:42]} 4. e4
{[%clk 1:32:21]} O-O {[%clk 1:32:04]} 5. h3 {[%clk 1:32:48]} d6 {[%clk 1:32:27]}
6. Be3 {[%clk 1:33:17]} c5 {[%clk 1:32:45]} 7. d5 {[%clk 1:33:45]} e6
{[%clk 1:33:02]} 8. Nf3 {[%clk 1:34:11]} Na6 {[%clk 1:33:18]} 9. Bd3
{[%clk 1:28:21]} exd5 {[%clk 1:33:42]} 10. exd5 {[%clk 1:27:49]} b5
{[%clk 1:33:33]} 11. cxb5 {[%clk 1:25:27]} Nb4 {[%clk 1:33:56]} 12. Bc4
{[%clk 1:23:37]} a6 {[%clk 1:34:18]} 13. bxa6 {[%clk 1:22:19]} Bxa6
{[%clk 1:34:40]} 14. Bxa6 {[%clk 1:22:46]} Rxa6 {[%clk 1:34:56]} 15. O-O
{[%clk 1:07:34]} Qa8 {[%clk 1:34:40]} 16. a3 {[%clk 0:47:56]} Nbxd5
{[%clk 1:32:36]} 17. Bd2 {[%clk 0:48:16]} Rb8 {[%clk 1:15:07]} 18. Rb1
{[%clk 0:48:05]} Rab6 {[%clk 1:13:02]} 19. Qc1 {[%clk 0:44:45]} Rb3
{[%clk 1:03:16]} 20. Re1 {[%clk 0:40:12]} Qb7 {[%clk 1:00:33]} 21. Re2
{[%clk 0:36:54]} Nd7 {[%clk 0:49:33]} 22. Nxd5 {[%clk 0:30:44]} Qxd5
{[%clk 0:49:56]} 23. Bf4 {[%clk 0:26:24]} Ne5 {[%clk 0:40:00]} 24. Bxe5
{[%clk 0:25:35]} dxe5 {[%clk 0:30:34]} 25. Nd2 {[%clk 0:20:18]} Rd3
{[%clk 0:28:29]} 26. Qc2 {[%clk 0:14:42]} f5 {[%clk 0:19:40]} 27. Nf1
{[%clk 0:10:30]} e4 {[%clk 0:15:00]} 28. Ne3 {[%clk 0:09:37]} Qd4
{[%clk 0:15:09]} 29. Qc4+ {[%clk 0:05:31]} Qxc4 {[%clk 0:14:17]} 30. Nxc4
{[%clk 0:06:00]} Rc3 31. bxc3 {[%clk 0:02:15]} Rxb1+ {[%clk 0:14:53]} 32. Kh2
{[%clk 0:02:44]} Ra1 {[%clk 0:13:15]} 33. f3 {[%clk 0:01:33]} exf3
{[%clk 0:12:54]} 34. gxf3 {[%clk 0:02:02]} Bxc3 {[%clk 0:12:44]} 35. Kg3
{[%clk 0:00:55]} Kf7 {[%clk 0:10:21]} 36. Nd6+ {[%clk 0:00:44]} Kf6
{[%clk 0:10:00]} 37. Nb5 {[%clk 0:00:33]} Bd4 {[%clk 0:09:27]} 38. Re8
{[%clk 0:00:48]} Be5+ {[%clk 0:07:53]} 39. f4 {[%clk 0:00:58]} Bb2
{[%clk 0:08:21]} 40. Ra8 {[%clk 0:00:35]} c4 {[%clk 0:07:52]} 41. Ra6+
{[%clk 0:01:01]} Kg7 {[%clk 0:04:30]} 42. Kf2 {[%clk 0:00:38]} c3
{[%clk 0:01:26]} 43. Rc6 {[%clk 0:01:07]} Kf7 {[%clk 0:00:45]} 44. Ke2
{[%clk 0:01:16]} Rh1 {[%clk 0:00:48]} 45. a4 {[%clk 0:01:38]} Rxh3
{[%clk 0:00:45]} 46. a5 {[%clk 0:01:47]} Rh2+ {[%clk 0:01:14]} 47. Kd1
{[%clk 0:01:56]} Rd2+ {[%clk 0:01:42]} 48. Ke1 {[%clk 0:02:25]} Rd5
{[%clk 0:01:34]} 49. Rc7+ {[%clk 0:00:48]} Kg8 {[%clk 0:01:11]} 50. a6
{[%clk 0:00:36]} Rxb5 {[%clk 0:01:36]} 51. a7 Ra5 {[%clk 0:01:58]} 52. Kd1
{[%clk 0:01:34]} h6 {[%clk 0:00:47]} 53. Rc8+ {[%clk 0:01:33]} Kf7
{[%clk 0:01:11]} 54. a8=Q {[%clk 0:02:01]} Rxa8 {[%clk 0:01:36]} 55. Rxa8
{[%clk 0:02:29]} g5 {[%clk 0:01:59]} 56. Ra6 {[%clk 0:02:21]} Kg7
{[%clk 0:02:01]} 57. Rc6 {[%clk 0:02:46]} g4 {[%clk 0:01:56]} 58. Rc7+
{[%clk 0:00:33]} Kg6 {[%clk 0:01:55]} 59. Rc6+ {[%clk 0:01:02]} Kh5
{[%clk 0:01:26]} 60. Ke2 {[%clk 0:01:24]} Bc1 {[%clk 0:01:19]} 61. Rf6
{[%clk 0:01:17]} Bxf4 {[%clk 0:00:52]} 62. Rxf5+ {[%clk 0:01:46]} Bg5
{[%clk 0:01:22]} 63. Rc5 {[%clk 0:02:15]} Kh4 {[%clk 0:01:02]} 64. Rxc3
{[%clk 0:02:43]} h5 {[%clk 0:01:00]} 65. Kf2 {[%clk 0:03:05]} Bf4
{[%clk 0:01:18]} 66. Kg2 {[%clk 0:03:32]} Be5 {[%clk 0:01:32]} 67. Rb3
{[%clk 0:04:01]} Kg5 {[%clk 0:01:49]} 68. Rb5 {[%clk 0:04:17]} Kf5
{[%clk 0:02:15]} 69. Rb7 {[%clk 0:04:32]} h4 {[%clk 0:02:35]} 70. Rb3
{[%clk 0:04:57]} Kg5 {[%clk 0:02:05]} 71. Rd3 {[%clk 0:05:19]} h3+
{[%clk 0:02:18]} 1/2-1/2

[Event "EYCC 2024 - O14"]
[Site "?"]
[Date "2024.08.28"]
[Round "6.4"]
[White "Durucay, Uygar"]
[Black "Dotzer, Lukas"]
[Result "0-1"]
[BlackElo "2391"]
[WhiteElo "2234"]
[LiveChessVersion "1.4.8"]

1. d4 {[%clk 1:30:39]} Nf6 {[%clk 1:30:55]} 2. Nf3 {[%clk 1:31:01]} d5
{[%clk 1:31:21]} 3. c4 {[%clk 1:31:16]} e6 {[%clk 1:31:46]} 4. cxd5 exd5
{[%clk 1:32:10]} 5. Nc3 {[%clk 1:31:33]} c6 {[%clk 1:32:34]} 6. Bg5
{[%clk 1:31:46]} h6 {[%clk 1:32:57]} 7. Bf4 {[%clk 1:27:25]} Bf5 {[%clk 1:24:30]}
8. e3 {[%clk 1:27:32]} Nbd7 {[%clk 1:23:37]} 9. Bd3 {[%clk 1:27:40]} Bxd3
{[%clk 1:22:56]} 10. Qxd3 {[%clk 1:28:08]} Be7 {[%clk 1:20:59]} 11. h3
{[%clk 1:25:46]} O-O {[%clk 1:16:51]} 12. O-O {[%clk 1:21:40]} Re8
{[%clk 1:14:11]} 13. Bh2 {[%clk 1:18:02]} Bf8 {[%clk 1:08:04]} 14. Qc2
{[%clk 1:10:18]} Nb6 {[%clk 0:54:12]} 15. Ne5 {[%clk 1:06:27]} Nfd7
{[%clk 0:46:14]} 16. Rad1 {[%clk 1:04:19]} Nxe5 {[%clk 0:43:46]} 17. dxe5
{[%clk 1:03:02]} Qd7 {[%clk 0:33:30]} 18. Ne2 {[%clk 0:42:29]} c5
{[%clk 0:28:46]} 19. f4 {[%clk 0:38:27]} Rad8 {[%clk 0:20:19]} 20. b3
{[%clk 0:35:44]} Qc6 {[%clk 0:17:23]} 21. Kh1 {[%clk 0:35:42]} f6
{[%clk 0:15:12]} 22. Qb2 {[%clk 0:28:58]} f5 {[%clk 0:09:23]} 23. Qc2
{[%clk 0:28:51]} g6 {[%clk 0:08:38]} 24. Bg1 {[%clk 0:29:12]} h5 {[%clk 0:05:21]}
25. Kh2 {[%clk 0:25:33]} Rd7 {[%clk 0:03:28]} 26. Bf2 {[%clk 0:20:00]} Be7
{[%clk 0:02:17]} 27. Ng1 {[%clk 0:11:22]} Na8 {[%clk 0:01:58]} 28. Nf3
{[%clk 0:11:24]} Nc7 {[%clk 0:01:48]} 29. Bh4 {[%clk 0:10:02]} Ne6
{[%clk 0:00:49]} 30. Bxe7 Rexe7 {[%clk 0:00:48]} 31. Nh4 {[%clk 0:10:39]} Rg7
{[%clk 0:00:39]} 32. g4 {[%clk 0:08:30]} hxg4 {[%clk 0:01:03]} 33. hxg4
{[%clk 0:08:57]} fxg4 {[%clk 0:00:43]} 34. Kg3 {[%clk 0:02:08]} d4
{[%clk 0:00:41]} 35. f5 {[%clk 0:01:33]} d3 {[%clk 0:00:39]} 36. Qc4
{[%clk 0:00:34]} gxf5 {[%clk 0:00:50]} 37. Nxf5 {[%clk 0:00:40]} b5
{[%clk 0:00:37]} 38. Qc1 {[%clk 0:00:35]} Rh7 {[%clk 0:00:40]} 39. Rd2
{[%clk 0:00:34]} Qe4 {[%clk 0:00:40]} 0-1

[Event "EYCC 2024 - O14"]
[Site "?"]
[Date "2024.08.28"]
[Round "6.5"]
[White "Ilinca, Felix-Antonio"]
[Black "Villa Tornero, Alex"]
[Result "1-0"]
[BlackElo "2241"]
[WhiteElo "2386"]
[LiveChessVersion "1.4.8"]

1. e4 {[%clk 1:30:52]} c6 {[%clk 1:30:25]} 2. d4 {[%clk 1:31:02]} d5
{[%clk 1:30:50]} 3. f3 {[%clk 1:31:21]} e6 {[%clk 1:30:34]} 4. Nc3
{[%clk 1:31:36]} Bb4 {[%clk 1:30:53]} 5. Bd2 {[%clk 1:31:49]} Ne7
{[%clk 1:30:54]} 6. a3 {[%clk 1:32:02]} Ba5 {[%clk 1:31:08]} 7. Bd3
{[%clk 1:32:15]} O-O {[%clk 1:31:14]} 8. f4 {[%clk 1:24:11]} Nd7 {[%clk 1:19:59]}
9. e5 {[%clk 1:16:42]} c5 {[%clk 1:18:59]} 10. Nf3 {[%clk 1:14:47]} f5
{[%clk 1:14:36]} 11. Ng5 {[%clk 1:06:31]} cxd4 {[%clk 1:09:02]} 12. Ne2
{[%clk 0:53:34]} Bxd2+ {[%clk 1:07:06]} 13. Qxd2 {[%clk 0:53:57]} Nc5
{[%clk 1:07:25]} 14. Nxd4 {[%clk 0:50:57]} h6 {[%clk 1:06:21]} 15. Ngf3
{[%clk 0:50:33]} Qb6 {[%clk 1:01:45]} 16. O-O-O {[%clk 0:46:36]} Bd7
{[%clk 0:59:47]} 17. Rhg1 {[%clk 0:41:49]} a5 {[%clk 0:49:38]} 18. g4
{[%clk 0:37:09]} Rac8 {[%clk 0:48:51]} 19. gxf5 {[%clk 0:30:13]} Nxf5
{[%clk 0:39:35]} 20. Qg2 {[%clk 0:25:55]} Rf7 {[%clk 0:29:51]} 21. Qg6
{[%clk 0:18:14]} Ne3 {[%clk 0:13:48]} 22. Qxh6 {[%clk 0:13:05]} Nxd3+
{[%clk 0:13:05]} 23. Rxd3 {[%clk 0:13:25]} Nxc2 {[%clk 0:13:21]} 24. Kb1
{[%clk 0:12:36]} Rc4 {[%clk 0:07:15]} 25. f5 {[%clk 0:08:57]} Nxd4
{[%clk 0:02:20]} 26. Nxd4 {[%clk 0:09:09]} Rxd4 {[%clk 0:01:31]} 27. Rdg3
{[%clk 0:09:08]} Kf8 {[%clk 0:01:05]} 28. Rxg7 {[%clk 0:08:48]} Rd1+
{[%clk 0:01:08]} 1-0

[Event "EYCC 2024 - O14"]
[Site "?"]
[Date "2024.08.28"]
[Round "6.6"]
[White "Katsanis, Vasileios Dim"]
[Black "Cieslak, Patryk"]
[Result "0-1"]
[BlackElo "2374"]
[WhiteElo "2222"]
[LiveChessVersion "1.4.8"]

1. d4 {[%clk 1:30:57]} Nf6 {[%clk 1:30:56]} 2. c4 {[%clk 1:31:23]} e6
{[%clk 1:31:23]} 3. Nc3 {[%clk 1:31:50]} Bb4 {[%clk 1:31:49]} 4. a3
{[%clk 1:32:08]} Bxc3+ {[%clk 1:31:23]} 5. bxc3 {[%clk 1:32:33]} O-O
{[%clk 1:21:53]} 6. f3 {[%clk 1:32:47]} c5 {[%clk 1:19:20]} 7. e4
{[%clk 1:33:02]} Nc6 {[%clk 1:18:03]} 8. e5 {[%clk 1:33:07]} Ne8 {[%clk 1:14:37]}
9. f4 {[%clk 1:33:10]} d5 {[%clk 1:03:25]} 10. cxd5 {[%clk 1:20:56]} Qxd5
{[%clk 0:59:54]} 11. Nf3 {[%clk 1:20:18]} cxd4 {[%clk 0:58:23]} 12. cxd4
{[%clk 1:20:25]} b6 {[%clk 0:55:49]} 13. Bd3 {[%clk 1:18:41]} Ba6
{[%clk 0:50:34]} 14. O-O {[%clk 1:12:11]} Bxd3 {[%clk 0:46:20]} 15. Qxd3
{[%clk 1:12:39]} f5 {[%clk 0:40:19]} 16. Be3 {[%clk 0:46:49]} Nc7
{[%clk 0:38:22]} 17. h3 {[%clk 0:38:28]} Qd7 {[%clk 0:36:18]} 18. g4
{[%clk 0:30:59]} Nd5 {[%clk 0:35:01]} 19. Rad1 {[%clk 0:23:54]} Nce7
{[%clk 0:29:12]} 20. Nh4 {[%clk 0:18:36]} Rac8 {[%clk 0:28:26]} 21. Rc1
{[%clk 0:18:09]} Ng6 {[%clk 0:27:09]} 22. Ng2 {[%clk 0:15:00]} Rxc1
{[%clk 0:25:50]} 23. Bxc1 {[%clk 0:14:53]} Nge7 {[%clk 0:25:15]} 24. Bd2
{[%clk 0:13:58]} Rc8 {[%clk 0:24:02]} 25. Rc1 {[%clk 0:11:07]} Rxc1+
{[%clk 0:24:20]} 26. Bxc1 {[%clk 0:11:36]} Qc6 {[%clk 0:23:45]} 27. Bd2
{[%clk 0:11:46]} Kf7 {[%clk 0:22:55]} 28. Kh2 {[%clk 0:11:14]} Ke8
{[%clk 0:22:24]} 29. Nh4 {[%clk 0:10:23]} Ng6 {[%clk 0:22:44]} 30. Ng2
{[%clk 0:10:26]} Nge7 {[%clk 0:22:03]} 31. Nh4 {[%clk 0:10:54]} g6
{[%clk 0:18:58]} 32. Nf3 {[%clk 0:10:22]} h6 {[%clk 0:19:21]} 33. Kg3
{[%clk 0:10:11]} Kd8 {[%clk 0:18:08]} 34. Nh4 {[%clk 0:10:13]} Kc7
{[%clk 0:17:41]} 35. Nf3 {[%clk 0:09:05]} Kb7 {[%clk 0:17:57]} 36. Nh4
{[%clk 0:09:32]} a6 {[%clk 0:18:12]} 37. Qb3 {[%clk 0:09:43]} Ka7
{[%clk 0:17:42]} 38. Ng2 {[%clk 0:09:03]} a5 {[%clk 0:17:57]} 39. Nh4
{[%clk 0:08:47]} Ka6 {[%clk 0:18:00]} 40. gxf5 {[%clk 0:08:53]} gxf5
{[%clk 0:17:15]} 41. a4 {[%clk 0:07:21]} b5 {[%clk 0:15:59]} 42. axb5+
{[%clk 0:04:54]} Qxb5 {[%clk 0:16:28]} 43. Qa3 {[%clk 0:04:53]} Nb4
{[%clk 0:15:50]} 44. Nf3 {[%clk 0:05:09]} Ned5 {[%clk 0:15:59]} 45. Kh4
{[%clk 0:02:35]} Kb6 {[%clk 0:10:33]} 46. Kh5 {[%clk 0:01:29]} Qe8+
{[%clk 0:10:05]} 47. Kxh6 {[%clk 0:01:19]} Qh8+ {[%clk 0:10:35]} 48. Kg6
{[%clk 0:01:44]} Qg8+ {[%clk 0:11:00]} 49. Kh5 {[%clk 0:01:25]} Qh7+
{[%clk 0:11:04]} 50. Kg5 {[%clk 0:01:52]} Qxh3 {[%clk 0:11:15]} 51. Kg6
{[%clk 0:01:11]} Kb5 {[%clk 0:10:09]} 52. Kf7 {[%clk 0:00:35]} Qh5+
{[%clk 0:10:15]} 53. Kf8 {[%clk 0:00:56]} Qh8+ {[%clk 0:10:14]} 54. Kf7
{[%clk 0:01:25]} Qh7+ {[%clk 0:10:25]} 55. Kf8 {[%clk 0:01:52]} Qe7+
{[%clk 0:08:43]} 56. Kg8 {[%clk 0:02:20]} Qd8+ {[%clk 0:08:47]} 57. Kf7
{[%clk 0:01:36]} Qd7+ {[%clk 0:09:16]} 58. Kf8 {[%clk 0:01:23]} Qc8+
{[%clk 0:08:47]} 59. Kf7 {[%clk 0:01:40]} Nc7 {[%clk 0:08:18]} 60. Bxb4
{[%clk 0:01:05]} axb4 {[%clk 0:08:42]} 61. Qd3+ {[%clk 0:01:20]} Kb6
{[%clk 0:09:11]} 62. Qc4 {[%clk 0:00:54]} Qd7+ {[%clk 0:09:24]} 63. Kg6
{[%clk 0:01:13]} Nd5 {[%clk 0:09:19]} 64. Qc5+ {[%clk 0:01:25]} Kb7
{[%clk 0:09:44]} 65. Nd2 {[%clk 0:01:03]} Qe8+ {[%clk 0:07:27]} 66. Kg7
{[%clk 0:01:06]} Qd7+ {[%clk 0:07:42]} 67. Kg6 {[%clk 0:01:35]} Qc6
{[%clk 0:07:45]} 68. Nb3 {[%clk 0:01:41]} Qxc5 {[%clk 0:06:37]} 69. Nxc5+
{[%clk 0:02:09]} Kc6 {[%clk 0:06:53]} 70. Kf7 {[%clk 0:01:58]} Nxf4
{[%clk 0:06:05]} 71. Nxe6 {[%clk 0:02:12]} Nd5 {[%clk 0:05:05]} 72. Nc5
{[%clk 0:01:51]} f4 {[%clk 0:05:15]} 73. Nd3 {[%clk 0:00:56]} f3 {[%clk 0:05:17]}
74. e6 {[%clk 0:00:52]} Kd6 {[%clk 0:04:50]} 75. Kg6 {[%clk 0:00:33]} Nf4+
{[%clk 0:03:18]} 76. Kf6 {[%clk 0:00:32]} Nxd3 {[%clk 0:03:38]} 77. e7
{[%clk 0:01:00]} f2 {[%clk 0:04:04]} 78. e8=Q {[%clk 0:01:26]} f1=Q+
{[%clk 0:04:30]} 79. Kg6 {[%clk 0:00:54]} Qg1+ {[%clk 0:04:41]} 80. Kf5
{[%clk 0:00:57]} Qf2+ {[%clk 0:05:05]} 81. Kg5 {[%clk 0:01:19]} Qg3+
{[%clk 0:05:05]} 82. Kf5 {[%clk 0:01:26]} Qf3+ {[%clk 0:05:19]} 83. Kg5
{[%clk 0:01:23]} Qd5+ {[%clk 0:05:47]} 84. Kg6 {[%clk 0:01:41]} Qe6+
{[%clk 0:06:12]} 0-1

[Event "EYCC 2024 - O14"]
[Site "?"]
[Date "2024.08.28"]
[Round "6.7"]
[White "Balint, Peter"]
[Black "Gkavardinas, Antonios"]
[Result "1-0"]
[BlackElo "2222"]
[WhiteElo "2336"]
[LiveChessVersion "1.4.8"]

1. e4 {[%clk 1:30:59]} c5 {[%clk 1:30:50]} 2. Nf3 {[%clk 1:31:25]} d6
{[%clk 1:31:13]} 3. d4 {[%clk 1:31:52]} cxd4 {[%clk 1:31:36]} 4. Qxd4
{[%clk 1:32:17]} Nc6 {[%clk 1:31:35]} 5. Qe3 {[%clk 1:32:42]} Nf6
{[%clk 1:29:58]} 6. h3 {[%clk 1:32:51]} g6 {[%clk 1:29:01]} 7. Bc4
{[%clk 1:33:13]} Bg7 {[%clk 1:28:29]} 8. O-O {[%clk 1:33:36]} O-O
{[%clk 1:28:21]} 9. Rd1 {[%clk 1:34:01]} Nd7 {[%clk 1:20:16]} 10. Nc3
{[%clk 1:34:08]} a6 {[%clk 1:19:54]} 11. a4 {[%clk 1:32:50]} Nc5 {[%clk 1:18:14]}
12. Qe2 {[%clk 1:10:07]} Bd7 {[%clk 1:11:41]} 13. Bf4 {[%clk 1:02:36]} Qb8
{[%clk 1:06:14]} 14. a5 {[%clk 0:49:11]} b5 {[%clk 1:02:09]} 15. axb6
{[%clk 0:49:31]} Qxb6 {[%clk 1:02:13]} 16. Rab1 {[%clk 0:37:29]} Be6
{[%clk 0:58:09]} 17. Nd5 {[%clk 0:33:35]} Qa7 {[%clk 0:56:31]} 18. b4
{[%clk 0:27:17]} Na4 {[%clk 0:53:31]} 19. Bb3 {[%clk 0:26:02]} Nc3
{[%clk 0:49:34]} 20. Nxc3 {[%clk 0:26:17]} Bxc3 {[%clk 0:49:57]} 21. Bxe6
{[%clk 0:22:43]} fxe6 {[%clk 0:50:25]} 22. Be3 {[%clk 0:23:06]} Qd7
{[%clk 0:49:05]} 23. Qc4 {[%clk 0:21:28]} Bg7 {[%clk 0:44:24]} 24. Ng5
{[%clk 0:21:01]} Rf6 {[%clk 0:40:00]} 25. f4 {[%clk 0:20:46]} h6 {[%clk 0:36:07]}
26. e5 {[%clk 0:18:13]} hxg5 {[%clk 0:34:05]} 27. exf6 {[%clk 0:18:39]} exf6
{[%clk 0:33:52]} 28. Qd3 {[%clk 0:18:18]} d5 {[%clk 0:29:59]} 29. Qxg6
{[%clk 0:18:21]} Ne7 {[%clk 0:29:44]} 30. Qd3 {[%clk 0:18:23]} gxf4
{[%clk 0:29:46]} 31. Bxf4 {[%clk 0:18:50]} e5 {[%clk 0:29:51]} 32. Be3
{[%clk 0:19:01]} Rd8 {[%clk 0:25:07]} 33. Bb6 {[%clk 0:17:46]} e4
{[%clk 0:24:27]} 34. Qb3 {[%clk 0:18:05]} f5 {[%clk 0:23:49]} 35. Bxd8
{[%clk 0:11:53]} Qxd8 {[%clk 0:24:12]} 36. c4 {[%clk 0:12:02]} d4
{[%clk 0:24:12]} 37. c5+ {[%clk 0:12:28]} Qd5 {[%clk 0:23:06]} 38. Qxd5+
{[%clk 0:11:11]} Nxd5 {[%clk 0:23:34]} 39. c6 {[%clk 0:11:34]} d3
{[%clk 0:17:09]} 40. b5 {[%clk 0:11:41]} axb5 {[%clk 0:17:25]} 41. Rxb5
{[%clk 0:12:01]} Bd4+ {[%clk 0:17:00]} 42. Kh1 {[%clk 0:11:43]} Ne7
{[%clk 0:15:17]} 43. c7 {[%clk 0:10:57]} Kf7 {[%clk 0:12:30]} 44. Rd5
{[%clk 0:09:33]} Bb6 {[%clk 0:11:46]} 45. Rd7 {[%clk 0:09:57]} Bxc7
{[%clk 0:12:00]} 46. Rxc7 {[%clk 0:10:22]} Ke6 {[%clk 0:12:22]} 47. Rxe7+
{[%clk 0:10:20]} Kxe7 {[%clk 0:12:50]} 48. g3 {[%clk 0:10:24]} 1-0